|
|
|
|
| LEADER |
00000nab a2200000 a 4500 |
| 001 |
vtls000858475 |
| 003 |
SK-MaSNL |
| 005 |
20260303214824.0 |
| 008 |
161006c2001 xo 0 cze |
| 015 |
|
|
|a SNBRA2004/01-00958
|
| 035 |
|
|
|a CLN000210124
|
| 040 |
|
|
|a SNKBUCL
|b slo
|c SNKBUCL
|e AACR2
|
| 041 |
0 |
|
|a slo
|
| 044 |
|
|
|a xo
|c SK
|
| 080 |
|
|
|a 504.06
|2 1997
|
| 080 |
|
|
|a 330.34
|2 1997
|
| 100 |
1 |
|
|a Jeníček, Vladimír,
|d 1932-
|4 aut
|9 6151
|
| 245 |
1 |
0 |
|a Teoretické základy koncepce trvale udržitelného rozvoje
|c Vladimír Jeníček
|
| 504 |
|
|
|a Bibliogr. odkazy
|
| 504 |
|
|
|a Res. angl.
|
| 650 |
0 |
7 |
|a trvalo udržateľný rozvoj
|2 snkbucl
|9 3353
|
| 655 |
|
7 |
|a články zo zborníkov
|2 snkbucl
|9 166140
|
| 773 |
0 |
|
|z 8071379700
|t Zborník vedeckých prác z Medzinárodných vedeckých dní 2001
|d V Nitre : Slovenská poľnohospodárska univerzita, 2001
|g S. 71-73
|
| 850 |
|
|
|a Slovenská národná knižnica v Martine
|
| 852 |
|
|
|a SNK
|b KIS3GCP
|
| 958 |
|
|
|a NB
|
| 999 |
|
|
|c 2218913
|d 2220843
|